| 000 | 01438 a2200289 4500 | ||
|---|---|---|---|
| 003 | Nust | ||
| 005 | 20170207154044.0 | ||
| 010 | _a 2008011992 | ||
| 020 | _a0470073942 (cloth) | ||
| 020 | _a9780470073940 (cloth) | ||
| 035 | _a(OCoLC)213600784 | ||
| 035 | _a(OCoLC)ocn213600784 | ||
| 040 | _cNust | ||
| 082 | 0 | 0 | _a332.620973 |
| 100 | 1 | _aEinhorn, David. | |
| 245 | 1 | 0 |
_aFooling some of the people all of the time :a long short story -(E-BOOK) _cDavid Einhorn ; foreword by Joel Greenblatt. |
| 260 |
_aHoboken, N.J. : _bJ. Wiley, _cc2008. |
||
| 300 |
_axx, 379 p. : _bill. ; _c24 cm. |
||
| 505 | _aPart One: A Charity Case and Green light Capital (Page-9) Part Two: Spinning So Fast Leaves Most People Dizzy(Page-55) Part Three: Would Somebody, Anybody, Wake Up?(Page-145) Part Four: How the System Works (and Doesn’t)(Page-213) Part Five: Green light Was Right . . . Carry On(Page-275) | ||
| 610 | 2 | 0 |
_aAllied Capital _xAccounting _xEvaluation. |
| 610 | 2 | 0 |
_aAllied Capital _xManagement _xEvaluation. |
| 650 | 0 |
_aSmall business investment companies _zUnited States _xManagement _xEvaluation. |
|
| 651 | _aE-BOOK | ||
| 856 | 4 | 2 |
_3Contributor biographical information _uhttp://www.loc.gov/catdir/enhancements/fy0828/2008011992-b.html |
| 856 | 4 | 2 |
_3Publisher description _uhttp://www.loc.gov/catdir/enhancements/fy0828/2008011992-d.html |
| 856 | 4 | 2 |
_3Table of contents only _uhttp://www.loc.gov/catdir/enhancements/fy0828/2008011992-t.html |
| 942 |
_2ddc _cBK |
||
| 999 |
_c192769 _d192769 |
||